[Event "16th "]
[Site "Senta"]
[Date "2012.07.14"]
[Round "1.10"]
[White "Nestorovic, Irena"]
[Black "Petrovic, Tamara"]
[Result "1-0"]
[WhiteElo "2063"]
[BlackElo "1650"]
[PlyCount "85"]
[EventDate "2012.07.14"]

1. d4 d5 2. Nf3 Nf6 3. c4 c6 4. e3 e6 5. Nc3 Bd6 6. Qc2 O-O 7. b3 Nbd7 8. Be2
b6 9. O-O Bb7 10. e4 e5 11. exd5 cxd5 12. Nb5 Bb8 13. dxe5 Nxe5 14. Bb2 Ned7
15. Rad1 Qc8 16. Qf5 dxc4 17. Bxc4 Be4 18. Qh3 a6 19. Nd6 Bxd6 20. Rxd6 b5 21.
Ng5 bxc4 22. Nxe4 Nxe4 23. Rxd7 cxb3 24. Rc1 Qe8 25. axb3 Nc5 26. Rd5 Rc8 27.
Rcd1 Qe2 28. R5d2 Qb5 29. Qg4 Ne6 30. Re1 Qg5 31. Qd1 Nf4 32. g3 Ne6 33. Re5
Qg6 34. h4 Nc5 35. Rg5 Qe6 36. Rxg7+ Kh8 37. Rxf7+ Kg8 38. Rg7+ Kh8 39. Re7+
Kg8 40. Rxe6 Nxe6 41. Rd7 Rf7 42. Qg4+ Kf8 43. Qxe6 1-0

[Event "16th "]
[Site "Senta"]
[Date "2012.07.14"]
[Round "1.11"]
[White "Miklos, Adel"]
[Black "Kovacs, Arthur"]
[Result "0-1"]
[WhiteElo "1645"]
[BlackElo "2032"]
[PlyCount "44"]
[EventDate "2012.07.14"]

1. e4 c6 2. Nf3 d5 3. exd5 cxd5 4. d4 Nc6 5. Be2 Nf6 6. Bf4 Bg4 7. Nbd2 e6 8.
O-O Bd6 9. Bxd6 Qxd6 10. h3 Bh5 11. c3 O-O 12. Bd3 Rab8 13. Qc2 Rfc8 14. Qb1 b5
15. a3 a5 16. Ng5 Qf4 17. Ngf3 b4 18. axb4 axb4 19. Qe1 Bg6 20. Bxg6 hxg6 21.
Qe3 Nh5 22. Qxf4 Nxf4 0-1

[Event "16th "]
[Site "Senta"]
[Date "2012.07.14"]
[Round "1.13"]
[White "Szabo, Nikita"]
[Black "Milivojevic, Jelena"]
[Result "0-1"]
[WhiteElo "1618"]
[BlackElo "2011"]
[PlyCount "88"]
[EventDate "2012.07.14"]

1. d4 Nf6 2. c4 d6 3. Nc3 Nbd7 4. Nf3 c6 5. g3 e5 6. dxe5 dxe5 7. a3 a5 8. Bg2
Be7 9. O-O O-O 10. Qc2 Qc7 11. Ng5 Nc5 12. Nge4 Ncxe4 13. Nxe4 Nxe4 14. Bxe4 f5
15. Bg2 a4 16. e3 e4 17. Bd2 Be6 18. Rfc1 c5 19. Bc3 Bd6 20. Bd2 Rfd8 21. f4
Rd7 22. Rab1 Bf8 23. Bc3 Qb6 24. Be5 Rd3 25. Kf2 Qb3 26. Qxb3 axb3 27. Bf1 Rd2+
28. Kg1 Rad8 29. Rc3 Rd1 30. Rxd1 Rxd1 31. a4 Rb1 32. Rxb3 Rxf1+ 33. Kg2 Ra1
34. Rxb7 Rxa4 35. Rb8 Rb4 36. Rxb4 cxb4 37. b3 Kf7 38. h4 g6 39. Kf2 h6 40. Bd4
Bg7 41. Ke2 Bf6 42. Kf2 Bxd4 43. exd4 Bxc4 44. bxc4 b3 0-1

[Event "16th "]
[Site "Senta"]
[Date "2012.07.14"]
[Round "1.16"]
[White "Janjusevic, Branislav"]
[Black "Mravik, Katalin"]
[Result "1-0"]
[WhiteElo "1976"]
[BlackElo "1593"]
[PlyCount "33"]
[EventDate "2012.07.14"]

1. e4 d6 2. d4 g6 3. c4 Bg7 4. Nc3 a6 5. Be3 Nd7 6. f4 b6 7. Nf3 Bb7 8. Bd3 h6
9. Qc2 c6 10. Rd1 Qc7 11. O-O Ngf6 12. h3 g5 13. e5 Nh7 14. Bg6 fxg6 15. Qxg6+
Kf8 16. e6 Ndf6 17. Qf7# 1-0

[Event "16th "]
[Site "Senta"]
[Date "2012.07.14"]
[Round "1.19"]
[White "Zarkovic, Milos"]
[Black "Juhasz, Bencze"]
[Result "0-1"]
[WhiteElo "1575"]
[BlackElo "1962"]
[PlyCount "78"]
[EventDate "2012.07.14"]

1. d4 Nf6 2. c4 g6 3. Nc3 Bg7 4. e4 d6 5. Nf3 O-O 6. Be2 e5 7. d5 Nbd7 8. O-O
a5 9. Ne1 Ne8 10. f3 f5 11. Be3 Rf7 12. Nd3 f4 13. Bf2 Bf8 14. a3 g5 15. b4 Rg7
16. c5 h5 17. cxd6 cxd6 18. h3 Ndf6 19. Rb1 g4 20. fxg4 hxg4 21. hxg4 Nxg4 22.
bxa5 Qg5 23. Ne1 Qh6 24. Bxg4 Bxg4 25. Qd2 Rh7 26. Bb6 Qh2+ 27. Kf2 Qg3+ 28.
Kg1 Nf6 29. Nf3 Bh3 30. Rf2 Rc8 31. Kf1 Rxc3 32. Qxc3 Nxe4 33. Qd3 Nxf2 34.
Bxf2 Qxg2+ 35. Ke2 Qg4 36. Ra1 Bg2 37. Kd2 Rh1 38. Rxh1 Bxh1 39. Ne1 e4 0-1

[Event "16th "]
[Site "Senta"]
[Date "2012.07.14"]
[Round "1.21"]
[White "Vrabel, Mate"]
[Black "Kuzmanovic, Ratko"]
[Result "0-1"]
[WhiteElo "1530"]
[BlackElo "1954"]
[PlyCount "57"]
[EventDate "2012.07.14"]

1. e4 d6 2. d4 Nf6 3. Nc3 g6 4. h3 Bg7 5. Nf3 O-O 6. b3 c5 7. Rb1 Qa5 8. Bd2
Nfd7 9. Nd5 Qd8 10. Bc4 cxd4 11. b4 Nc6 12. Bg5 h6 13. Bh4 g5 14. Bxg5 hxg5 15.
Nxg5 Nf6 16. h4 e6 17. Nxf6+ Qxf6 18. f4 d5 19. Bd3 dxe4 20. Bxe4 d3 21. Rb3
dxc2 22. Qxc2 Nd4 23. Qd3 Nxb3 24. axb3 Qa1+ 25. Kf2 Qxh1 26. g3 Qa1 27. Kf3
Qc3 28. Qxc3 Bxc3 29. Bh7+ 0-1

[Event "16th "]
[Site "Senta"]
[Date "2012.07.14"]
[Round "1.22"]
[White "Arsic, Djordje"]
[Black "Milenkovic, Jelena"]
[Result "1-0"]
[WhiteElo "1949"]
[BlackElo "1510"]
[PlyCount "57"]
[EventDate "2012.07.14"]

1. e4 e5 2. Nf3 Nc6 3. Bc4 Bc5 4. c3 Nf6 5. d3 O-O 6. O-O h6 7. b4 Bb6 8. a4 a6
9. b5 axb5 10. Bxb5 Re8 11. Re1 d6 12. h3 Bd7 13. Bb2 Ba5 14. Nbd2 d5 15. exd5
Nxd5 16. Bxc6 Bxc6 17. Nxe5 Nxc3 18. Qh5 Qd5 19. Re4 Nxe4 20. Nxe4 Re7 21. Qg4
Qe6 22. Nxc6 Qxg4 23. Nxe7+ Kh7 24. hxg4 Rd8 25. Bc3 Bxc3 26. Nxc3 Rxd3 27. Rc1
b6 28. Ncd5 c5 29. Nxb6 1-0

[Event "16th "]
[Site "Senta"]
[Date "2012.07.14"]
[Round "1.24"]
[White "Jovanovic, Milan B"]
[Black "Uveric, Nebojsa"]
[Result "1/2-1/2"]
[WhiteElo "1940"]
[BlackElo "1468"]
[PlyCount "38"]
[EventDate "2012.07.14"]

1. d4 d5 2. Nf3 Nc6 3. Bg5 Nf6 4. e3 Bf5 5. c3 e6 6. Qb3 Rb8 7. Ne5 Be7 8. f4
a6 9. Nd2 h6 10. Bxf6 Bxf6 11. Be2 O-O 12. O-O-O Na5 13. Qa3 Nc6 14. g4 Be7 15.
Qb3 Bh7 16. Rdg1 Nxe5 17. fxe5 c5 18. Nf3 c4 19. Qd1 b5 1/2-1/2

[Event "16th "]
[Site "Senta"]
[Date "2012.07.14"]
[Round "1.28"]
[White "Davidovic, Zoran"]
[Black "Radisic, Dragoljub"]
[Result "1-0"]
[WhiteElo "1899"]
[BlackElo "1385"]
[PlyCount "41"]
[EventDate "2012.07.14"]

1. d4 d5 2. Bg5 h6 3. Bh4 Nf6 4. Nf3 Nc6 5. e3 e6 6. Nbd2 Be7 7. a3 Bd7 8. Rc1
b5 9. Bxb5 a6 10. Bd3 a5 11. O-O Rb8 12. Rb1 Bd6 13. c4 g5 14. Bg3 Bxg3 15.
fxg3 Ne7 16. Ne5 Nc6 17. Qf3 Nxe5 18. dxe5 g4 19. Qxf6 Qxf6 20. Rxf6 Rb3 21.
Nxb3 1-0

[Event "16th "]
[Site "Senta"]
[Date "2012.07.14"]
[Round "1.29"]
[White "Nagy Abonyi, Arnold"]
[Black "Milutinovic, Stefana"]
[Result "0-1"]
[WhiteElo "1356"]
[BlackElo "1896"]
[PlyCount "84"]
[EventDate "2012.07.14"]

1. e4 c5 2. c4 d6 3. d3 Nf6 4. Nc3 Nc6 5. Nf3 g6 6. Be2 Bg7 7. O-O O-O 8. h3
Rb8 9. Be3 a6 10. a3 b5 11. Rb1 Bd7 12. Re1 b4 13. axb4 Rxb4 14. Na2 Rb8 15.
Nh2 Ne8 16. f4 Bxb2 17. Bf2 Bd4 18. Rxb8 Qxb8 19. Bxd4 Nxd4 20. Bf1 Nc7 21. Nc3
Qb4 22. Nd5 Nxd5 23. cxd5 Ba4 24. Qb1 Rb8 25. Qxb4 cxb4 26. Ra1 b3 27. Rxa4 b2
28. Rxd4 b1=Q 29. Rc4 a5 30. f5 Ra8 31. Ra4 Qb3 32. Ra1 a4 33. fxg6 hxg6 34.
Ng4 a3 35. Nf2 a2 36. h4 Qb2 37. Re1 a1=R 38. Rxa1 Rxa1 39. g3 Qe2 40. Kg2 Rxf1
41. d4 Rxf2+ 42. Kg1 Qe1# 0-1

[Event "16th "]
[Site "Senta"]
[Date "2012.07.15"]
[Round "2.3"]
[White "Milutinovic, Stefana"]
[Black "Zivkovic, Momcilo"]
[Result "1-0"]
[WhiteElo "1896"]
[BlackElo "2136"]
[PlyCount "81"]
[EventDate "2012.07.14"]

1. d4 e6 2. c4 Nf6 3. Nf3 d5 4. Nc3 c5 5. e3 Nc6 6. a3 cxd4 7. exd4 Be7 8. cxd5
exd5 9. h3 Bf5 10. Qb3 O-O 11. Be2 a6 12. O-O b5 13. Qd1 Rc8 14. Ne5 Qb6 15. g4
Be6 16. Be3 Rfd8 17. Nxc6 Rxc6 18. f4 Ne4 19. f5 Nxc3 20. bxc3 Rxc3 21. Qd2
Rdc8 22. fxe6 Qxe6 23. Bd3 Qd6 24. Kg2 Rxa3 25. Rxa3 Qxa3 26. Qf2 Rf8 27. Bb1
Qd6 28. h4 Bd8 29. Bf4 Qe6 30. Bf5 Qe7 31. Re1 Qb4 32. h5 Bf6 33. Be3 Re8 34.
Re2 Qe7 35. Bd3 Qd7 36. Qf3 a5 37. g5 Bd8 38. g6 hxg6 39. hxg6 b4 40. Bb5 Qxb5
41. gxf7+ 1-0

[Event "16th "]
[Site "Senta"]
[Date "2012.07.15"]
[Round "2.5"]
[White "Dikic, Veljko"]
[Black "Kosa, Jeno"]
[Result "0-1"]
[WhiteElo "1873"]
[BlackElo "2123"]
[PlyCount "56"]
[EventDate "2012.07.14"]

1. e4 d5 2. Nc3 Nf6 3. exd5 Nxd5 4. Nxd5 Qxd5 5. Nf3 Bg4 6. Be2 Nc6 7. O-O
O-O-O 8. d3 e6 9. Be3 Bd6 10. Ng5 Qe5 11. g3 Bxe2 12. Qxe2 Rd7 13. c3 Qf5 14.
d4 h6 15. Nf3 g5 16. b4 Kb8 17. b5 Ne7 18. c4 Ng6 19. c5 Be7 20. c6 Rd5 21.
cxb7 h5 22. a4 Qg4 23. Rac1 Nh4 24. b6 Nxf3+ 25. Kh1 axb6 26. a5 Nxd4 27. Qxg4
hxg4 28. axb6 cxb6 0-1

[Event "16th "]
[Site "Senta"]
[Date "2012.07.15"]
[Round "2.7"]
[White "Bernath, Robert"]
[Black "Knezevic, Velimir"]
[Result "0-1"]
[WhiteElo "2100"]
[BlackElo "1864"]
[PlyCount "94"]
[EventDate "2012.07.14"]

1. e4 c5 2. Nc3 Nc6 3. f4 e6 4. Nf3 a6 5. g3 b5 6. Bg2 Bb7 7. d3 b4 8. Ne2 d5
9. e5 Nh6 10. O-O Be7 11. h3 O-O 12. Be3 d4 13. Bf2 Qc7 14. g4 f6 15. exf6 gxf6
16. c3 dxc3 17. bxc3 f5 18. g5 Nf7 19. Rc1 Rad8 20. Qb3 Qd7 21. cxb4 Nxb4 22.
d4 Bd5 23. Qe3 c4 24. Nc3 Bd6 25. Ne5 Nxe5 26. dxe5 Be7 27. Nxd5 exd5 28. Rfd1
Nd3 29. Rxd3 cxd3 30. Qxd3 Qe6 31. Rd1 d4 32. Bxd4 Bc5 33. Bxc5 Rxd3 34. Rxd3
Qc8 35. Bd5+ Rf7 36. Ba3 Qb8 37. Rb3 Qa7+ 38. Kg2 Qd4 39. Bxf7+ Kxf7 40. Rb7+
Kg6 41. Rb3 Qxf4 42. Rb7 Kxg5 43. Be7+ Kh5 44. Rb6 Qd2+ 45. Kg1 Qxa2 46. Rf6
Qa1+ 47. Kg2 Qxe5 0-1

[Event "16th "]
[Site "Senta"]
[Date "2012.07.15"]
[Round "2.9"]
[White "Miladinovic, Lena"]
[Black "Vasic, Dusan"]
[Result "1-0"]
[WhiteElo "2078"]
[BlackElo "1862"]
[PlyCount "71"]
[EventDate "2012.07.14"]

1. d4 c5 2. d5 d6 3. Nf3 e5 4. e4 Nf6 5. Nc3 Be7 6. Bd3 a6 7. a4 O-O 8. O-O Ne8
9. Nd2 Bg5 10. b3 g6 11. Nc4 Nd7 12. a5 Bxc1 13. Qxc1 Kg7 14. f4 f6 15. Qe3 b5
16. axb6 Nxb6 17. fxe5 dxe5 18. Qxc5 Nxc4 19. Bxc4 Nd6 20. Bd3 f5 21. Qa5 Qg5
22. Qc7+ Nf7 23. Kh1 f4 24. Na4 Bg4 25. Nc5 Rac8 26. Qb6 Qe7 27. b4 Ng5 28.
Rxa6 f3 29. Ra7 fxg2+ 30. Kxg2 Bh3+ 31. Kg3 Qxa7 32. Qxa7+ Kh6 33. Rxf8 Rxf8
34. Be2 Bf1 35. Bxf1 Rxf1 36. d6 1-0

[Event "16th "]
[Site "Senta"]
[Date "2012.07.15"]
[Round "2.11"]
[White "Kovacs, Arthur"]
[Black "Farkas, Sandor I"]
[Result "1-0"]
[WhiteElo "2032"]
[BlackElo "1823"]
[PlyCount "58"]
[EventDate "2012.07.14"]

1. d4 Nf6 2. Nf3 g6 3. c4 Bg7 4. Nc3 O-O 5. e4 d6 6. Be2 Na6 7. O-O e5 8. d5
Nc5 9. Qc2 a5 10. b3 Ne8 11. Be3 b6 12. Nd2 f5 13. f3 f4 14. Bf2 g5 15. a3 Na6
16. Rab1 h5 17. Qd1 Nf6 18. h3 Qe8 19. Re1 Qg6 20. Bf1 g4 21. Kh1 Kf7 22. b4
axb4 23. axb4 Nb8 24. c5 bxc5 25. bxc5 Rg8 26. Nc4 Bf8 27. Nb5 Ne8 28. cxd6
Bxd6 29. Nbxd6+ Nxd6 1-0

[Event "16th "]
[Site "Senta"]
[Date "2012.07.15"]
[Round "2.13"]
[White "Milivojevic, Jelena"]
[Black "Milivojevic, Jasmina"]
[Result "1/2-1/2"]
[WhiteElo "2011"]
[BlackElo "1813"]
[PlyCount "27"]
[EventDate "2012.07.14"]

1. d4 d5 2. c4 e6 3. Nc3 Be7 4. cxd5 exd5 5. Bf4 c6 6. e3 Nf6 7. Bd3 O-O 8.
Nge2 Re8 9. O-O Nbd7 10. h3 Nf8 11. Qc2 Bd6 12. Bxd6 Qxd6 13. Bf5 Bxf5 14. Qxf5
1/2-1/2

[Event "16th "]
[Site "Senta"]
[Date "2012.07.15"]
[Round "2.14"]
[White "Toth, Kazmer"]
[Black "Lorincz, Laszlo"]
[Result "1-0"]
[WhiteElo "1984"]
[BlackElo "1794"]
[PlyCount "57"]
[EventDate "2012.07.14"]

1. d4 d5 2. c4 Nf6 3. Nc3 e6 4. Nf3 Be7 5. cxd5 exd5 6. g3 h6 7. Bg2 c6 8. O-O
Be6 9. a3 O-O 10. Ne5 Qc8 11. f4 Bh3 12. e3 Bxg2 13. Kxg2 Nbd7 14. h3 Ne8 15.
Bd2 Nxe5 16. dxe5 f6 17. exf6 Bxf6 18. Qc2 Nd6 19. Rae1 Bxc3 20. Bxc3 Ne4 21.
Be5 Qe6 22. Rd1 Qf5 23. Qb3 Rf7 24. Rd4 Nc5 25. Qd1 Ne4 26. b4 a6 27. Qb3 Qg6
28. Rf3 Qe6 29. Rxe4 1-0

[Event "16th "]
[Site "Senta"]
[Date "2012.07.15"]
[Round "2.15"]
[White "Ridjicki, Nenad"]
[Black "Janjusevic, Branislav"]
[Result "0-1"]
[WhiteElo "1809"]
[BlackElo "1976"]
[PlyCount "86"]
[EventDate "2012.07.14"]

1. e4 d5 2. e5 d4 3. Bc4 e6 4. Nf3 Ne7 5. d3 Ng6 6. c3 Nc6 7. Qe2 a6 8. b4 dxc3
9. a3 b5 10. Qe4 Bb7 11. Ba2 Rb8 12. Qe3 c2 13. Nbd2 Nce7 14. d4 Nf5 15. Qc3
Be7 16. O-O O-O 17. Bb3 Nf4 18. Re1 Nh4 19. Nxh4 Bxh4 20. Ne4 Ng6 21. Bxc2 Be7
22. Qd3 Bd5 23. Re3 Rb6 24. Rh3 Rc6 25. Nc5 Bg5 26. Rh5 Bxc1 27. Rxc1 Bxg2 28.
Qg3 Qd5 29. Rg5 Bf3 30. Bb3 Rxc5 31. dxc5 Qxb3 32. Rg4 Qb2 33. Qxf3 Qxc1+ 34.
Kg2 Nxe5 35. Qf4 Qd1 36. Rg3 Qd5+ 37. Kh3 c6 38. Rg5 Ng6 39. Qe3 f5 40. f4 Qc4
41. Kg3 e5 42. Kg2 Qxf4 43. Qb3+ Qc4 0-1

[Event "16th "]
[Site "Senta"]
[Date "2012.07.15"]
[Round "2.17"]
[White "Solymosi, Andras"]
[Black "Tomin, Kristifor"]
[Result "1/2-1/2"]
[WhiteElo "1777"]
[BlackElo "1965"]
[PlyCount "33"]
[EventDate "2012.07.14"]

1. d4 d5 2. Nf3 Nf6 3. c4 e6 4. Nc3 c6 5. Bg5 Be7 6. e3 Nbd7 7. Bd3 a6 8. O-O
O-O 9. Rc1 Re8 10. h3 b6 11. cxd5 exd5 12. Bf4 c5 13. e4 Bb7 14. exd5 Nxd5 15.
Nxd5 Bxd5 16. dxc5 Nxc5 17. Bb1 1/2-1/2

[Event "16th "]
[Site "Senta"]
[Date "2012.07.15"]
[Round "2.18"]
[White "Juhasz, Bencze"]
[Black "Orcik, Istvan"]
[Result "1-0"]
[WhiteElo "1962"]
[BlackElo "1736"]
[PlyCount "39"]
[EventDate "2012.07.14"]

1. e4 e5 2. Nf3 Nc6 3. Bb5 d6 4. O-O Nf6 5. Re1 Be7 6. c3 a6 7. Ba4 b5 8. Bb3
Bb7 9. d4 exd4 10. cxd4 Nd7 11. Nbd2 O-O 12. Nf1 Bf6 13. Ng3 g6 14. Bh6 Bg7 15.
Qd2 Nf6 16. Rad1 Qd7 17. Bxg7 Kxg7 18. Qg5 Ne7 19. Nh4 Qg4 20. Nhf5+ 1-0

[Event "16th "]
[Site "Senta"]
[Date "2012.07.15"]
[Round "2.23"]
[White "Zegarac, Vuk"]
[Black "Antal, Jozsef"]
[Result "0-1"]
[WhiteElo "1549"]
[BlackElo "1999"]
[PlyCount "38"]
[EventDate "2012.07.14"]

1. Nf3 d5 2. d4 e6 3. e3 Nf6 4. Bd3 b6 5. O-O Bb7 6. Nbd2 Be7 7. Re1 Nbd7 8. c3
O-O 9. e4 dxe4 10. Nxe4 c5 11. Qe2 cxd4 12. Nxd4 Nc5 13. Nxc5 Bxc5 14. Be3 Qd5
15. f3 Rfd8 16. Red1 Qh5 17. Nb5 Bc6 18. Bxc5 Qxc5+ 19. Qf2 Rxd3 0-1

[Event "16th "]
[Site "Senta"]
[Date "2012.07.15"]
[Round "2.29"]
[White "Uveric, Nebojsa"]
[Black "Subotic, Nenad"]
[Result "0-1"]
[WhiteElo "1468"]
[BlackElo "1831"]
[PlyCount "64"]
[EventDate "2012.07.14"]

1. e4 e5 2. Nf3 Nc6 3. d3 g6 4. Nc3 Bg7 5. Be3 Nf6 6. Be2 d6 7. h3 a6 8. O-O
O-O 9. Qd2 Be6 10. Bh6 Qd7 11. Bxg7 Kxg7 12. Ng5 h6 13. Nxe6+ Qxe6 14. f4 Nd4
15. Bd1 b5 16. Ne2 Nxe2+ 17. Bxe2 c5 18. b3 Rad8 19. f5 Qe7 20. a4 b4 21. Bf3
a5 22. Rac1 Rb8 23. c3 bxc3 24. Rxc3 Rb4 25. Qc2 Rfb8 26. Rb1 Qb7 27. Bd1 Rxa4
28. bxa4 Qxb1 29. Qc1 Rb4 30. Kf2 gxf5 31. exf5 Nd5 32. Qxb1 Rxb1 0-1

[Event "16th "]
[Site "Senta"]
[Date "2012.07.15"]
[Round "2.32"]
[White "Gakovic, Isidora"]
[Black "Nestorovic, Katarina"]
[Result "1-0"]
[WhiteElo "1734"]
[BlackElo "1403"]
[PlyCount "59"]
[EventDate "2012.07.14"]

1. e4 c5 2. Nf3 e6 3. d4 cxd4 4. Nxd4 d6 5. Nc3 Nf6 6. Be2 Be7 7. O-O O-O 8.
Be3 b6 9. f4 Bb7 10. Bf3 Nbd7 11. a4 Nc5 12. e5 Bxf3 13. Qxf3 dxe5 14. fxe5
Nfd7 15. Nc6 Qe8 16. Nb5 Rc8 17. Nbxa7 Rc7 18. Nb5 Rc8 19. b4 Nxe5 20. Nxe5
Nxa4 21. Nd4 b5 22. Qg3 Kh8 23. Rf2 Bxb4 24. Raf1 Rc7 25. Ng6+ hxg6 26. Qxc7
Kg8 27. Nc6 Ba3 28. Rf3 b4 29. Ne7+ Kh8 30. Rh3# 1-0

[Event "16th "]
[Site "Senta"]
[Date "2012.07.15"]
[Round "2.33"]
[White "Radisic, Dragoljub"]
[Black "Kelemen, David"]
[Result "0-1"]
[WhiteElo "1385"]
[BlackElo "1731"]
[PlyCount "48"]
[EventDate "2012.07.14"]

1. Nf3 Nf6 2. c4 g6 3. Nc3 Bg7 4. e4 d6 5. d4 O-O 6. Be2 e5 7. O-O Nc6 8. d5
Ne7 9. b4 Nd7 10. Bg5 h6 11. Bxe7 Qxe7 12. g3 f5 13. Nh4 Qf6 14. exf5 gxf5 15.
Bh5 a5 16. b5 Nc5 17. Ng6 Rd8 18. Qf3 e4 19. Qe3 Qxc3 20. Ne7+ Kh7 21. Bg6+ Kh8
22. Qf4 Nd3 23. Qh4 Qf6 24. Qxf6 Bxf6 0-1

[Event "16th "]
[Site "Senta"]
[Date "2012.07.15"]
[Round "2.34"]
[White "Kecskemeti, Krisztina"]
[Black "Djuketic, Dusan"]
[Result "1-0"]
[WhiteElo "1717"]
[BlackElo "1397"]
[PlyCount "65"]
[EventDate "2012.07.14"]

1. Nf3 Nf6 2. g3 d6 3. d4 Nbd7 4. c4 e5 5. Nc3 c6 6. Bg2 Be7 7. O-O O-O 8. Qc2
Qc7 9. Rd1 Nb6 10. b3 Be6 11. Bb2 Rfd8 12. e4 exd4 13. Nxd4 Qd7 14. e5 dxe5 15.
Nxc6 Qc7 16. Nxd8 Rxd8 17. Nb5 Qb8 18. Rxd8+ Bxd8 19. Rd1 a6 20. Nd6 Be7 21.
Ne4 Kh8 22. Nxf6 Bxf6 23. Qd2 h6 24. Be4 Nd7 25. Bd5 Bxd5 26. Qxd5 Nb6 27. Qxf7
Qc8 28. Ba3 Na8 29. Qd7 Qxd7 30. Rxd7 b5 31. Ra7 Nb6 32. Rb7 Nc8 33. Rb8 1-0

[Event "16th "]
[Site "Senta"]
[Date "2012.07.15"]
[Round "3.3"]
[White "Juhasz, Bencze"]
[Black "Sedlak, Ivan"]
[Result "1-0"]
[WhiteElo "1962"]
[BlackElo "2132"]
[PlyCount "59"]
[EventDate "2012.07.14"]

1. c4 e5 2. Nc3 Nc6 3. Nf3 d6 4. g3 Nf6 5. Bg2 g6 6. O-O Bg7 7. d4 exd4 8. Nxd4
Bd7 9. Bg5 h6 10. Bxf6 Bxf6 11. Nxc6 bxc6 12. Qd2 Qe7 13. Rad1 Rb8 14. b3 O-O
15. Rc1 Rbe8 16. e3 Bg7 17. Rfe1 Qe5 18. Ne2 Rd8 19. Qb4 Qb2 20. Qa5 Bg4 21.
Rb1 Qc2 22. Nd4 Bxd4 23. exd4 c5 24. Be4 Qxb1 25. Bxb1 cxd4 26. Qxc7 Bf3 27.
Qxa7 Rfe8 28. Rc1 Re5 29. Qxd4 Rde8 30. Qc3 1-0

[Event "16th "]
[Site "Senta"]
[Date "2012.07.16"]
[Round "4.1"]
[White "Stosic, Slobodan"]
[Black "Juhasz, Bencze"]
[Result "1-0"]
[WhiteElo "2170"]
[BlackElo "1962"]
[PlyCount "45"]
[EventDate "2012.07.14"]

1. d4 Nf6 2. Bg5 Ne4 3. Bh4 c5 4. f3 g5 5. fxe4 gxh4 6. e3 Bh6 7. Qd3 Qb6 8. b3
Nc6 9. c3 d6 10. Nd2 Bd7 11. Ngf3 h3 12. g3 Rc8 13. Be2 cxd4 14. exd4 Qa5 15.
Nc4 Qc7 16. Ne3 Qa5 17. O-O Ne5 18. dxe5 Rxc3 19. Qd5 Bxe3+ 20. Kh1 Qxd5 21.
exd5 dxe5 22. Nxe5 f6 23. Bh5+ 1-0

[Event "16th "]
[Site "Senta"]
[Date "2012.07.16"]
[Round "4.3"]
[White "Toth, Kazmer"]
[Black "Milutinovic, Stefana"]
[Result "0-1"]
[WhiteElo "1984"]
[BlackElo "1896"]
[PlyCount "52"]
[EventDate "2012.07.14"]

1. c4 g6 2. Nc3 Bg7 3. d4 c5 4. d5 d6 5. e4 Nf6 6. f3 O-O 7. Be3 e6 8. dxe6
Bxe6 9. Qd2 Qa5 10. Nb5 Qxd2+ 11. Bxd2 Ne8 12. Bc3 Be5 13. Bxe5 dxe5 14. Be2
Nc6 15. Kf2 Rd8 16. Ke3 f5 17. exf5 gxf5 18. Nh3 f4+ 19. Kf2 Rd2 20. b3 Bxh3
21. gxh3 e4 22. Ke1 e3 23. Rg1+ Kh8 24. Rg5 a6 25. Nc3 Nd4 26. Rc1 Rxe2+ 0-1

[Event "16th "]
[Site "Senta"]
[Date "2012.07.16"]
[Round "4.8"]
[White "Milivojevic, Jasmina"]
[Black "Antal, Jozsef"]
[Result "1/2-1/2"]
[WhiteElo "1813"]
[BlackElo "1999"]
[PlyCount "38"]
[EventDate "2012.07.14"]

1. d4 d5 2. Nf3 e6 3. e3 Nf6 4. c4 b6 5. Nbd2 Bb7 6. b3 Nbd7 7. Bd3 Be7 8. O-O
O-O 9. Bb2 c5 10. Rc1 Rc8 11. Qe2 Ne4 12. Rfd1 f5 13. Ne5 Nxe5 14. dxe5 Qe8 15.
f3 Nxd2 16. Rxd2 Rd8 17. f4 g5 18. cxd5 exd5 19. Kf2 gxf4 1/2-1/2

[Event "16th "]
[Site "Senta"]
[Date "2012.07.16"]
[Round "4.9"]
[White "Sedlak, Ivan"]
[Black "Korponai, Akos"]
[Result "1-0"]
[WhiteElo "2132"]
[BlackElo "1709"]
[PlyCount "85"]
[EventDate "2012.07.14"]

1. e4 e5 2. Nf3 Nc6 3. Bb5 a6 4. Ba4 Nf6 5. d3 b5 6. Bb3 Be7 7. O-O O-O 8. Re1
d6 9. a4 Bb7 10. Nbd2 Na5 11. Ba2 c5 12. c3 Nd7 13. Nf1 Qc7 14. Bg5 Bxg5 15.
Nxg5 h6 16. Nf3 Kh8 17. Ne3 Nb6 18. b4 cxb4 19. cxb4 Nc6 20. a5 Nc8 21. Nd5 Qd8
22. d4 f6 23. Qd2 N6e7 24. Nh4 Rb8 25. Qd3 Bc6 26. Rac1 Rb7 27. Ng6+ Nxg6 28.
Rxc6 Ra7 29. Rec1 Nge7 30. R6c3 Nxd5 31. Bxd5 Ne7 32. Be6 Qb8 33. h4 Qe8 34. d5
Qb8 35. Qe3 Rb7 36. h5 Qd8 37. Qh3 Qb8 38. Qg4 Qa7 39. Bc8 Nxc8 40. Rxc8 Rbf7
41. Qe6 Qb7 42. Rxf8+ Rxf8 43. Qxd6 1-0

[Event "16th "]
[Site "Senta"]
[Date "2012.07.16"]
[Round "4.10"]
[White "Pajzer, Istvan"]
[Black "Vasic, Dusan"]
[Result "1-0"]
[WhiteElo "2104"]
[BlackElo "1862"]
[PlyCount "55"]
[EventDate "2012.07.14"]

1. e4 d6 2. d4 Nf6 3. Nc3 Nbd7 4. f4 e5 5. Nf3 exd4 6. Nxd4 c6 7. Be2 Qc7 8.
Be3 b5 9. a3 a6 10. Bf3 Bb7 11. Nf5 g6 12. Ng3 Bg7 13. Qd2 c5 14. Rd1 Bf8 15.
O-O b4 16. Nb1 a5 17. c3 b3 18. c4 Nb6 19. Qc3 Bg7 20. Qxb3 O-O 21. Qd3 Ba6 22.
Nd2 Rad8 23. Qc2 Qd7 24. b4 axb4 25. axb4 Qa4 26. Qxa4 Nxa4 27. Ra1 Ng4 28.
Bxg4 1-0

[Event "16th "]
[Site "Senta"]
[Date "2012.07.16"]
[Round "4.11"]
[White "Miladinovic, Lena"]
[Black "Farkas, Sandor I"]
[Result "1-0"]
[WhiteElo "2078"]
[BlackElo "1823"]
[PlyCount "73"]
[EventDate "2012.07.14"]

1. d4 Nf6 2. Nf3 g6 3. c4 Bg7 4. Nc3 O-O 5. e4 d6 6. h3 Na6 7. Be3 Qe8 8. a3 c5
9. d5 Nc7 10. Bd3 a6 11. a4 Rb8 12. O-O Bd7 13. e5 dxe5 14. Bxc5 e4 15. Nxe4
Nxe4 16. Bxe4 Bxb2 17. Ra2 b6 18. Bb4 Bf6 19. Re1 Qc8 20. Bd3 Re8 21. Rae2 e6
22. d6 Na8 23. Ne5 Rd8 24. Qd2 Bxe5 25. Rxe5 f6 26. R5e4 e5 27. Rh4 Bxa4 28.
Be4 Bc6 29. Bd5+ Bxd5 30. Qxd5+ Kg7 31. Rxh7+ Kxh7 32. Qf7+ Kh6 33. Bd2+ g5 34.
Qxf6+ Kh7 35. Qf7+ Kh8 36. h4 Rg8 37. hxg5 1-0

[Event "16th "]
[Site "Senta"]
[Date "2012.07.16"]
[Round "4.20"]
[White "Petrovic, Tamara"]
[Black "Braun, Tibor"]
[Result "0-1"]
[WhiteElo "1650"]
[BlackElo "1893"]
[PlyCount "54"]
[EventDate "2012.07.14"]

1. c4 Nf6 2. Nc3 e5 3. g3 c6 4. Bg2 Bb4 5. e3 O-O 6. Nge2 d5 7. b3 Na6 8. Bb2
e4 9. O-O Nc5 10. Qc2 Nd3 11. Rfd1 Bg4 12. Rf1 Qd7 13. Nc1 Ne5 14. d3 Nf3+ 15.
Kh1 Qf5 16. dxe4 dxe4 17. N3e2 Nxh2 18. Bxf6 Nxf1 19. Bxf1 Qxf2 20. Bg2 Qxf6
21. Rb1 Qh6+ 22. Kg1 Qxe3+ 23. Kf1 Rad8 24. Bxe4 Rd2 25. Bxh7+ Kh8 26. Qe4 Bh3+
27. Ke1 Rd4# 0-1

[Event "16th "]
[Site "Senta"]
[Date "2012.07.16"]
[Round "4.21"]
[White "Dikic, Veljko"]
[Black "Kormanyos, Akos"]
[Result "1-0"]
[WhiteElo "1873"]
[BlackElo "1680"]
[PlyCount "29"]
[EventDate "2012.07.14"]

1. e4 e5 2. Bc4 Nc6 3. Nc3 Nf6 4. d3 h6 5. f4 exf4 6. Bxf4 Bc5 7. Nf3 Ng4 8. d4
Bb4 9. O-O Bxc3 10. bxc3 d6 11. h3 Nf6 12. e5 Nh5 13. Bh2 dxe5 14. Nxe5 Nxe5
15. Qxh5 1-0